000 00596nab#a2200205#c#4500
999 _c122314
_d122314
003 IEF
005 20191204132528.0
008 950704s1976 uuu|| #####0 b| |u
040 _aIEF
_cES-MaIEF
100 1 _aFlores de Lemus, Antonio
_916049
245 _aSobre una dirección fundamental de la producción rural española
_c A. Flores de Lemus
260 _c1976
650 4 _aPOLITICA AGRARIA
_948048
650 4 _aAGRICULTURA
_98497
650 4 _aPRODUCCION
_948147
773 0 _tHacienda pública española
_w34570
_g42-43, p. 471-485
942 _2udc
942 _2udc